Do big things: Teamwork - Cơn ác mộng hay cơ hội vàng trong kỷ nguyên 4.0

Chỉ ra bản chất của hoạt động đội nhóm. Đưa ra những bí quyết để làm việc nhóm thành công như: Cam kết đối với yêu cầu về nhân sự; thể hiện thành công (và tận dụng thất bại); cống hiến, huy động và kết nối toàn tổ chức; luyện tạ...

詳細記述

保存先:
書誌詳細
第一著者: Ross, Craig W
その他の著者: Paccione, Angela V
フォーマット: 図書
言語:Undetermined
出版事項: H. Lao động; Công ty Văn hóa và Truyền thông 1980 Books 2018
主題:
オンライン・アクセス:http://lrc.tdmu.edu.vn/opac/search/detail.asp?aID=2&ID=35540
タグ: タグ追加
タグなし, このレコードへの初めてのタグを付けませんか!
Thư viện lưu trữ: Trung tâm Học liệu Trường Đại học Thủ Dầu Một
LEADER 01361nam a2200217Ia 4500
001 TDMU_35540
008 210410s9999 xx 000 0 und d
082 |a 323 
090 |b R434 
100 |a Ross, Craig W 
245 0 |a Do big things: Teamwork - Cơn ác mộng hay cơ hội vàng trong kỷ nguyên 4.0 
245 0 |c Craig W. Ross, Angela V. Paccione, Victoria L. Roberts; Huỳnh Nguyễn Anh Đào (dịch) 
260 |a H. 
260 |b Lao động; Công ty Văn hóa và Truyền thông 1980 Books 
260 |c 2018 
300 |a 406tr. 
520 |a Chỉ ra bản chất của hoạt động đội nhóm. Đưa ra những bí quyết để làm việc nhóm thành công như: Cam kết đối với yêu cầu về nhân sự; thể hiện thành công (và tận dụng thất bại); cống hiến, huy động và kết nối toàn tổ chức; luyện tập khả năng phá bỏ rào cản; tập trung vào những điều quan trọng; truyền động lực cho niềm tin chung... 
650 |a Bí quyết thành công  |x Làm việc nhóm 
700 |a Paccione, Angela V 
856 |u http://lrc.tdmu.edu.vn/opac/search/detail.asp?aID=2&ID=35540 
980 |a Trung tâm Học liệu Trường Đại học Thủ Dầu Một